Tani kapital czyli jak zdobyc pieniadze dla firmy

Salvato in:
Dettagli Bibliografici
Autore principale: Krajewski, Jerzy
Natura: Libro
Lingua:polacco
Pubblicazione: Warszawa Business Press 1998
Serie:Businessman Book
Soggetti:
Tags: Aggiungi Tag
Nessun Tag, puoi essere il primo ad aggiungerne!!

MARC

LEADER 00000nam a2200000 4500
001 c121954
005 20221221083726.7
020 |a 83-87474-45-2 
041 0 |a pol 
044 |a PL 
245 1 0 |a Tani kapital  |b czyli jak zdobyc pieniadze dla firmy  |c Jerzy Krajewski 
264 1 |a Warszawa  |b Business Press  |c 1998 
300 |a 242 s. 
490 1 |a Businessman Book 
830 0 |a Businessman Book 
610 2 0 |a kapitál 
610 2 0 |a peniaze 
610 2 0 |a trh finančný 
610 2 0 |a trh kapitálový 
610 2 0 |a kapitál rizikový 
610 2 0 |a úver 
610 2 0 |a investície 
610 2 0 |a lízing 
610 2 0 |a zisk 
610 2 0 |a informácie 
100 1 |a Krajewski, Jerzy